Λείανση επιφανειών ROC με χρήση πύρηνων : μεταπτυχιακή διατριβή
Η παρούσα εργασία επικεντρώνεται στο επίπεδο που αφορά στη διαγνωστική ακρίβεια ενός ελέγχου. Ειδικότερα, παρουσιάζονται τα διάφορα μέτρα διαγνωστικής ακρίβειας και οι μέθοδοι εκτίμησης τους με έμφαση στην παραγωγή λείων καμπυλών και επιφανειών ROC με χρήση της μεθόδου των πυρήνων. Η πρακτική εφαρμ...
Αποθηκεύτηκε σε:
| Κύριος συγγραφέας: | |
|---|---|
| Συγγραφή απο Οργανισμό/Αρχή: | |
| Μορφή: | Thesis Βιβλίο |
| Γλώσσα: | Greek |
| Δημοσίευση: |
2008.
|
| Θέματα: | |
| Διαθέσιμο Online: | http://hdl.handle.net/11610/15632 |
| Ετικέτες: |
Προσθήκη ετικέτας
Δεν υπάρχουν, Καταχωρήστε ετικέτα πρώτοι!
|
MARC
| LEADER | 00000cam a2200000 i 4500 | ||
|---|---|---|---|
| 001 | 1/93070 | ||
| 008 | 080903s2008 gr | ||| |||| ||gre|| | ||
| 035 | |l 10099859 | ||
| 040 | |a GR-MyUA |b gre |e AACR2 | ||
| 041 | 0 | |a gre | |
| 082 | 0 | |a 616.075 |2 (22) | |
| 100 | 1 | |a Λιαπάτη, Αφροδίτη. | |
| 245 | 1 | 0 | |a Λείανση επιφανειών ROC με χρήση πύρηνων : |b μεταπτυχιακή διατριβή / |c Αφροδίτη Λιαπάτη ; επιβλέπων καθηγητής Χρήστος Νάκας. |
| 260 | |c 2008. | ||
| 300 | |a 59 σ. : |b πιν., εικ. ; |c 30 εκ. | ||
| 502 | |a Διατριβή (μεταπτυχιακή) – Πανεπιστήμιο Αιγαίου, Σάμος, 2008. | ||
| 504 | |a Βιβλιογραφία: σ. 58. | ||
| 506 | 0 | |a Διάθεση πλήρους κειμένου - Ελεύθερη πρόσβαση. | |
| 520 | |a Η παρούσα εργασία επικεντρώνεται στο επίπεδο που αφορά στη διαγνωστική ακρίβεια ενός ελέγχου. Ειδικότερα, παρουσιάζονται τα διάφορα μέτρα διαγνωστικής ακρίβειας και οι μέθοδοι εκτίμησης τους με έμφαση στην παραγωγή λείων καμπυλών και επιφανειών ROC με χρήση της μεθόδου των πυρήνων. Η πρακτική εφαρμογή των λείων καμπυλών και επιφανειών ROC οδηγεί στη διεξαγωγή συμπερασμάτων σχετικά με τη διακριτική ικανότητα ενός ελέγχου που διαχωρίζει τους ασθενείς σε δύο ή τρεις κατηγορίες αντίστοιχα. | ||
| 520 | |a The present essay is focused in the level that concerns in the diagnostic accuracy of a diagnostic test. Specifically, are presented the various measurements of diagnostic accuracy and methods of their estimation with accent in the production of smooth ROC curves and ROC surfaces by using kernels method. The practical application of smoothing ROC curves and ROC surfaces leads to conclusions with regard to diagnostic tests accuracy that distinguish patients in two or three categories respectively. | ||
| 540 | |a Κλειδωμένη η δυνατότητα αντιγραφής (copy) του κειμένου. | ||
| 610 | 2 | 0 | |a University of the Aegean |x Dissertations. |
| 650 | 0 | 0 | |a Diagnosis. |
| 650 | 0 | 0 | |a Research |x Methodology. |
| 650 | 0 | 0 | |a Dissertations, Academic |z Greece. |
| 700 | 1 | |a Νάκας, Χρήστος, |e dgs | |
| 710 | 2 | |a Πανεπιστήμιο Αιγαίου. |b Σχολή Θετικών Επιστημών. |b Τμήμα Στατιστικής και Αναλογιστικών-Χρηματοοικονομικών Μαθηματικών. |b Μεταπτυχιακό Πρόγραμμα Στατιστική και Αναλογιστικά - Χρηματοοικονομικά Μαθηματικά. | |
| 852 | |a INST |b SAMOS |c DIATR |e 20080903 |h 616.075 ΛΙΑ |p 005300030051 |q 005300030051 |t MTXE |y 23 | ||
| 852 | |a INST |b SAMOS |c DIATR |e 20080903 |h 616.075 ΛΙΑ |p 005300030052 |q 005300030052 |t MTXE |y 23 | ||
| 856 | |u http://hdl.handle.net/11610/15632 | ||
| 901 | |a BIBL3-2008-3 | ||
| 909 | |a Σ |b 134749 | ||
| 909 | |a Σ |b 134750 | ||
| 924 | |a ΛΙΑΠΑΤΗ |b ΑΦΡΟΔΙΤΗ |y Σάμος |z 2008-09 | ||
| 970 | |a ΣΙΤΖΙΜΗ |b ΓΙΑΣΕΜΗ |z 2008/09/03 | ||